מדינות אפריקה - Statistics

General Stats
  • This quiz has been taken 9 times
  • The average score is 39 of 54
Answers on the Map
Answers color-coded by a green-red scale on the quiz's map according to % correct below.
 
Answer Stats
Answer % Correct
אוגנדה
100%
אלג'יריה
100%
אתיופיה
100%
גאנה
100%
גינאה
100%
דרום אפריקה
100%
דרום סודן
100%
זימבבואה
100%
זמביה
100%
לוב
100%
מאוריציוס
100%
מאלי
100%
מצרים
100%
מרוקו
100%
סודן
100%
צ'אד
100%
קמרון
100%
תוניסיה
100%
אריתריאה
75%
הרפובליקה הדמוקרטית של קונגו
75%
הרפובליקה של קונגו
75%
חוף השנהב
75%
טוגו
75%
טנזניה
75%
מאוריטניה
75%
מדגסקר
75%
ניגריה
75%
ניז'ר
75%
סומליה
75%
סנגל
75%
קומורו
75%
קניה
75%
איי סיישל
50%
אנגולה
50%
אסוואטיני
50%
בוטסואנה
50%
בורונדי
50%
בורקינה פאסו
50%
בנין
50%
גבון
50%
ג'יבוטי
50%
גינאה המשוונית
50%
גמביה
50%
כף ורדה
50%
ליבריה
50%
לסוטו
50%
מוזמביק
50%
מלאווי
50%
נמיביה
50%
סיירה לאון
50%
רואנדה
50%
גינאה ביסאו
25%
הרפובליקה המרכז אפריקנית
25%
סאו טומה ופרינסיפה
25%
No matching quizzes found
Score Distribution
Percent of People with Each Score
Percentile by Number Answered
Your Score History
You have not taken this quiz